| 000 | 01241nam0a22002651 4500 | ||
|---|---|---|---|
| 001 | v19\rc\2006388 | ||
| 005 | 20260406191349.0 | ||
| 035 | _a(NLR Aleph) 005081376 | ||
| 090 |
_a7200425 _c7200426 |
||
| 100 | _a20080811d1915 |||y0rusy50 ca | ||
| 101 | 0 | _arus | |
| 102 | _aRU | ||
| 105 | _ay j ||||| | ||
| 200 | 1 | _aСборник узаконений и распоряжений, на которых основаны назначения по смете Главного управления военно-учебных заведений | |
| 210 |
_aПетроград _d1915 |
||
| 215 |
_a[1], 60, 407, 18 с. _d28 |
||
| 311 | _aОсобое прил. к Смете Гл. упр. воен.-учеб. заведений | ||
| 422 | 0 |
_12001#$aСмета Главного управления военно-учебных заведений _tСмета Главного управления военно-учебных заведений |
|
| 710 | 0 | 1 |
_aРоссия _bГлавное управление военно-учебных заведений _3RU\NLR\AUTH\889953504 _9403034 |
| 801 | 0 |
_aRU _bNLR _gpsbo |
|
| 801 | 0 |
_aRU _bRuMoRGB _2psbo |
|
| 801 | 1 |
_aRU _bProSoft-M _2rusmarc |
|
| 852 |
_aNLR _j19.133.5.1 |
||
| 942 | _cBOOK | ||
| 980 | _aNB | ||